[Event "Chile Championship Absolute 2022"]
[Site "Las Condes"]
[Date "2022.02.26"]
[Round "9.1"]
[White "Diaz Villagran, Robert"]
[Black "Palma Neira, Eliseo Maximiliano"]
[Result "1-0"]
[WhiteElo "2318"]
[BlackElo "2029"]
[Annotator "TA"]
[PlyCount "137"]
[EventDate "2022.02.18"]
[EventType "tourn"]
[EventCountry "CHI"]
[SourceTitle "playchess.com"]
[Source "ChessBase"]
[SourceQuality "1"]

{[%evp 9,137,-19,-8,-30,-9,-18,-19,-29,0,-5,-4,0,2,-15,6,18,37,39,30,25,35,24,27,27,83,83,83,83,66,27,33,34,34,29,29,28,30,33,44,41,41,25,41,29,31,26,38,31,57,64,81,75,129,67,76,63,60,61,66,60,60,60,72,39,54,32,73,26,88,41,98,72,98,95,129,123,125,97,152,77,41,26,50,59,75,85,127,137,121,15,251,236,240,235,220,198,182,170,289,221,299,274,2288,2267,2238,1857,2400,2182,1930,1708,12833,12834,12834,12835,12833,12833,12838,12839,12839,12839,12839,12839,12845,12845,12846,12846,12847,12847,12847,12848]} 1. Nf3 d5 2. g3 Nd7 3. c4 dxc4 4. Na3 e5 {[%cal Be7e5,Be5e4][%mdl 32]} 5. Nxc4 e4 {[#]} 6. Ng1 $146 {A07: Réti Opening: New York and Capablanca Systems.} ({Predecessor:} 6. Nd4 Nb6 7. e3 Nf6 8. Bg2 Bc5 9. Nb3 Be7 10. Ne5 c5 11. O-O O-O 12. f4 exf3 13. Qxf3 {½-½ (46) Goganov,A (2635)-Riazantsev,A (2651) Novosibirsk 2016}) 6... Ngf6 7. Bg2 Be7 8. f3 {The position is equal.} exf3 (8... b5 $5 {[%cal Rb5c4]} 9. Ne3 Bc5 $11) 9. Nxf3 O-O 10. b3 Nb6 11. Qc2 Be6 12. Bb2 Qd5 {[%cal Rb6c4] Inhibits Ng5.} 13. Ne3 {[%csl LRc7,LRd5]} Qc5 14. Rc1 {[%cal Ba1c1,Bc1c2,Bc2c4][%mdl 32]} Qxc2 15. Rxc2 c6 16. Nd4 $1 Nfd5 (16... Rfe8 $11) 17. Nxd5 $16 Nxd5 18. Nxe6 fxe6 19. Rc4 (19. Bh3 $5 {[%cal Rh3e6]}) 19... Bf6 20. Bc1 Rae8 21. Re4 Bd8 22. e3 Nf6 23. Rc4 Nd7 24. Ke2 Bc7 25. b4 {[%cal Ob4b5]} Nb6 26. Re4 a6 27. Bb2 e5 28. g4 Bd6 29. g5 Rf5 30. h4 Ref8 {[#]} ({Better is} 30... Re7) 31. Rf1 (31. Bh3 $1 $16) 31... g6 $14 32. Bh3 {A strong pair of Bishops.} Rxf1 33. Bxf1 Nd5 34. Bh3 {And now Be6+ would win.} Re8 {Inhibits Be6+.} 35. a3 Re7 36. Bg4 Kf8 37. Kd3 Ke8 (37... h5 $14 {deserves consideration.} 38. Bd1 (38. gxh6 Nf6 $11) 38... b5) 38. Bd1 (38. h5 $16) 38... Kd7 (38... h5 $11 {remains equal.}) 39. Bb3 (39. h5 $16) 39... Kc7 (39... Re8 $14) 40. Rc4 b5 41. Rc1 {aiming for Bxd5.} e4+ 42. Ke2 Kd7 43. Rg1 Be5 (43... Ke6 $142) 44. Bc1 ({White should try} 44. Bxe5 Rxe5 45. Rg4) 44... Ke6 $16 45. Ke1 a5 46. bxa5 c5 47. Bc2 b4 (47... Ra7 $142) 48. Rg4 ({Weaker is} 48. Bxe4 b3 $15) 48... Ra7 (48... Kf5 $2 49. Rxe4 b3 50. Bd3) 49. axb4 ({And not} 49. Bxe4 Rxa5 50. axb4 Ra1 51. bxc5 Rxc1+ 52. Ke2 Bc7 $11) ({White should play} 49. Rxe4 $16 Kd6 50. Bb3) 49... cxb4 $2 {Black cannot hold the game after this.} (49... Nxb4 $11 50. Bxe4 Rxa5) 50. Rxe4 $18 ({Don't take} 50. Bxe4 $6 b3 $16) 50... Kd6 51. Bb3 Rxa5 52. Bxd5 Kxd5 53. Rxb4 {[%mdl 4096] Endgame KRB-KRB} Rc5 (53... Ra1 $142) 54. Ba3 Bg3+ 55. Ke2 {Hoping for Rd4+.} Rc4 {Prevents Rd4+.} (55... Ra5) 56. Rxc4 {White is clearly winning.} Kxc4 {KB-KB} 57. d3+ {[%cal Bd2d3,Bd3d4,Bd4d5][%mdl 32]} Kd5 58. e4+ Ke5 59. Bc1 Bxh4 60. Be3 Bg3 61. Kf3 Be1 62. d4+ Ke6 63. Bf4 Bb4 64. d5+ Kf7 65. e5 {[%cal Be4e5,Be5e6][%mdl 32]} Kg7 66. e6 h6 67. gxh6+ {[%cal Bg5h6,Bh6h7][%mdl 32]} Kf6 {[#]} 68. Be5+ $1 {[%mdl 512]} Kxe5 69. h7 {Weighted Error Value: White=0.16 (very precise) /Black=0.27 (precise)} 1-0

[Event "Chile Championship Absolute 2022"]
[Site "Las Condes"]
[Date "2022.02.25"]
[Round "9.2"]
[White "Vasquez Toledo, Cristian"]
[Black "Diaz Vasquez, Martin"]
[Result "1-0"]
[WhiteElo "2154"]
[BlackElo "2253"]
[Annotator "TA"]
[PlyCount "87"]
[EventDate "2022.02.18"]
[EventType "tourn"]
[EventCountry "CHI"]
[SourceTitle "playchess.com"]
[Source "ChessBase"]
[SourceQuality "1"]

{[%evp 15,87,13,56,-10,2,-22,47,54,47,22,29,20,35,39,289,17,127,126,272,257,269,285,276,277,334,326,303,330,334,322,337,324,507,494,767,769,976,937,1104,935,899,918,1048,1029,1057,1019,1276,1266,1334,1301,1613,1477,1504,1418,1666,876,2276,1942,1416,861,985,976,964,953,1233,1197,1245,1210,2428,1631,29965,6252,4837,2113]} 1. e4 c5 2. Nf3 e6 3. d4 cxd4 4. Nxd4 Nf6 5. Nc3 Nc6 6. Nxc6 bxc6 7. e5 Nd5 8. Ne4 Ba6 {[#]} 9. a3 $146 {B45: Sicilian Four Knights.} ({White should try} 9. Bxa6 $14 Qa5+ 10. Bd2 Qxa6 11. b3) ({Predecessor:} 9. Bxa6 Qa5+ 10. Bd2 Qxa6 11. b3 Be7 12. c4 f5 13. Ng5 Nb4 14. O-O c5 15. Nf3 Nc6 16. Re1 O-O {½-½ (38) Pavasovic,D (2597)-Lalic,B (2500) Sibenik 2007}) 9... Bxf1 $1 $11 10. Rxf1 Qc7 (10... Qa5+ $11 11. Bd2 Qb6) 11. f4 $1 $14 {White is slightly better.} Qa5+ 12. Bd2 Qb6 13. c4 Qd4 14. Qc2 $36 {[%mdl 2048] White has good play.} Rb8 $2 15. Rb1 $2 (15. cxd5 $18 {Threatens to win with d6.} cxd5 16. Nc3) 15... Nb6 (15... Ne3 $11 16. Bxe3 Qxe3+ 17. Qe2 Qxe2+ 18. Kxe2 a5) 16. b3 $16 {[%cal Bb2b3,Bb3b4][%mdl 32] White is more active.} Bxa3 (16... h6 $16) 17. Ke2 $18 d5 18. exd6 $1 f5 (18... Bxd6 $2 19. Bc3 Bc5 20. Bxd4 $18) 19. Ng5 {[%cal Be4g5,Bg5f3,Bf3e5][%mdl 32] Really sharp!} (19. Ra1 Bb2 20. Bc3 Bxc3 21. Nxc3 Qxd6 $11) 19... Qxd6 {[#]} 20. Rf3 $1 O-O {[#]} 21. b4 $1 h6 {[%cal Oc6c5] [#]} 22. Rd3 $1 Qe7 (22... Qc7 23. Nf3) 23. Nf3 (23. Rxa3 hxg5 24. fxg5 c5 $15) 23... e5 (23... Bxb4 {was called for.} 24. Bxb4 c5) 24. Nxe5 g5 (24... Bxb4 $142 25. Bxb4 c5) 25. Rxa3 gxf4 26. Bxf4 Qh4 27. Rf3 Rbe8 28. Kf1 Re6 29. Ra1 Qe7 30. Qc3 Re8 31. Re3 Nc8 32. c5 Qf6 33. Qc4 Kh7 34. Rae1 {Intending Nd7 and mate.} R6e7 {Inhibits Nd7.} 35. Nf3 Rg8 36. Rxe7+ Nxe7 37. Qe6 Qxe6 38. Rxe6 Nd5 39. Bd2 Rg4 40. Rxh6+ Kg7 41. Rxc6 Rc4 42. Ra6 {Black must now prevent Bh6+.} Nxb4 43. Rxa7+ Kf6 44. Ra4 {Weighted Error Value: White=0.28 (precise) /Black=0.57} 1-0

[Event "Chile Championship Absolute 2022"]
[Site "Las Condes"]
[Date "2022.02.25"]
[Round "9.3"]
[White "Lopez Silva, Hugo Andres"]
[Black "Vergara Rozas, Jose Francisco"]
[Result "1-0"]
[WhiteElo "2407"]
[BlackElo "2044"]
[Annotator "TA"]
[PlyCount "79"]
[EventDate "2022.02.18"]
[EventType "tourn"]
[EventCountry "CHI"]
[SourceTitle "playchess.com"]
[Source "ChessBase"]
[SourceQuality "1"]

{[%evp 30,79,0,0,16,0,145,147,118,150,172,166,186,184,211,188,191,191,200,214,238,200,283,272,333,337,366,373,360,319,322,313,306,296,340,311,372,348,486,491,455,429,1328,1139,1157,696,988,654,12845,915,5598,5475]} 1. e4 c5 2. Nf3 d6 3. d4 cxd4 4. Nxd4 Nf6 5. Nc3 g6 6. Be3 Bg7 7. f3 O-O 8. Qd2 Nc6 9. O-O-O d5 10. exd5 Nxd5 11. Nxc6 bxc6 12. Nxd5 cxd5 13. Qxd5 Qc7 14. Qc5 Qb7 15. b3 Bf5 16. Bd3 Rac8 $1 {B76: Sicilian Dragon: Yugoslav Attack, 9 g4 and 9 0-0-0.} (16... Rfc8 17. Qa5 $16) 17. Qa5 Qc6 (17... Bxd3 18. Rxd3 e5 19. Rhd1 $16) (17... Rc3 $1 $11) 18. Bxf5 $16 gxf5 {[%csl Gc8][%cal Rc6c2] White is clearly better.} 19. c4 {Active counter play!} (19. c3 $2 Bxc3 20. Qxf5 Bd4+ 21. Kb1 Bxe3 $19) 19... e5 20. Rd5 (20. Bxa7 $6 Ra8 $11) (20. Qxa7 $6 e4 $16) 20... Qg6 {[#]} 21. g3 $146 {[%cal Bg2g3,Bg3f4][%mdl 32] Prevents f4.} ({Predecessor:} 21. Rd2 e4 22. f4 Rc6 23. Rhd1 Ba1 24. Rd8 Bf6 25. R8d5 {1-0 (37) Szukics,A (1985)-Koltai,D (1680) Balatonlelle 2015}) 21... Qh5 {[#]} 22. f4 $1 (22. Qxa7 $2 Qxf3 23. Rhd1 Ra8 $17) 22... Qf3 23. Re1 exf4 24. gxf4 Rfe8 25. Qd2 h5 (25... a6 $142 26. Rxf5 h6) 26. Rxf5 $18 {[%cal Bd5f5,Bf5g5,Bg5g1][%mdl 32]} Rcd8 {[#]} 27. Qf2 Qe4 28. Rg5 (28. Rxh5 Qd3 29. Qd2 Qg6 $18) 28... f6 29. Rgg1 {[%cal Oe3b6] Black must now prevent Bb6!} (29. Rxh5 Qd3 30. Qd2 Re7 31. Qxd3 Rxd3 $18) 29... Qd3 30. Qd2 {Prevents Qc3+.} (30. Bxa7 Qc3+ 31. Kb1 f5 32. Rxe8+ Rxe8 33. Rxg7+ (33. Bd4 Qd3+ 34. Kc1 Re2 $11) 33... Qxg7 $18) 30... Qf5 31. Qg2 {[%csl Gg1][%cal Rg2g7]} ({Wrong is} 31. Bxa7 $2 Rxd2 32. Rxe8+ Kf7 33. Kxd2 (33. Rxg7+ $2 Kxg7 34. Kxd2 Qd7+ 35. Kc3 Qxe8 $19) 33... Qd7+ 34. Kc3 Qxe8 $19) 31... Re7 32. Bd2 ({Don't play} 32. Kb2 Rdd7 33. Bd2 Rxe1 34. Bxe1 Qxf4) 32... Red7 {[#]} 33. Re4 $1 {[%cal Be1e4,Be4d4,Bd4d5][%mdl 32]} Kh7 {[#]} (33... Qg4 34. Re2) 34. Rd4 $3 {[%mdl 512] White is clearly winning.} Kh8 (34... Qg4 35. Qxg4) 35. Rd5 Qe6 (35... Qh7 $142 36. Rxd7 Rxd7 37. Qa8+ Qg8) 36. Qg6 Kg8 37. Rxh5 {[%cal Oh5h7] White wants to mate with Rh7!} Qb6 38. Rd5 Qc7 39. Rxd7 Qxd7 40. Bc3 {Black did not feel at home in the position after the opening.  Weighted Error Value: White=0.43/Black=0.42} 1-0

[Event "Chile Championship Absolute 2022"]
[Site "Las Condes"]
[Date "2022.02.25"]
[Round "9.4"]
[White "Salinas Herrera, Pablo Patricio"]
[Black "Aguirre Contreras, Cristian Rodrigo"]
[Result "1-0"]
[WhiteElo "2517"]
[BlackElo "2261"]
[Annotator "TA"]
[PlyCount "75"]
[EventDate "2022.02.18"]
[EventType "tourn"]
[EventCountry "CHI"]
[SourceTitle "playchess.com"]
[Source "ChessBase"]
[SourceQuality "1"]

{[%evp 9,75,36,46,34,34,32,50,20,25,4,41,25,69,53,60,71,91,75,95,95,129,137,122,116,110,110,145,151,147,171,160,154,146,174,191,198,259,254,259,265,239,146,410,364,356,338,387,391,389,385,899,918,902,862,2385,2143,29976,29977,29977,29978,29978,601,29979,29980,29990,29991,29994,29992]} 1. e4 c5 2. Nf3 e6 3. g3 Nc6 4. Bg2 Qc7 5. O-O Nf6 6. Re1 {B40: Sicilian: 2...e6, Unusual lines.} d6 7. c3 Be7 8. a3 {White is slightly better.} O-O 9. d4 cxd4 10. cxd4 a6 (10... d5 $11) 11. Nc3 $14 {[#]} b5 $146 ({Predecessor:} 11... Rd8 12. Bg5 h6 13. Be3 d5 14. e5 Ne4 15. Rc1 Nxc3 16. Rxc3 Bd7 17. Qd2 Bf8 {1-0 (38) Skuhala,B (2089)-Ambartsumova,K (2371) Chess.com INT 2020}) 12. d5 Na5 13. dxe6 {White is more active.} Bxe6 14. Nd4 {Inhibits Bb3.} Bg4 {[#]} 15. Nd5 $1 {[%mdl 512]} Qd7 (15... Qa7 16. Nxe7+) 16. Nxe7+ Qxe7 17. Qd3 Rac8 18. a4 Nc4 19. axb5 axb5 20. b3 Ne5 21. Qxb5 Rc5 22. Qf1 Rb8 (22... Rfc8 {was necessary.} 23. f4 Nc6) 23. Ba3 $18 {[%cal Bc1a3,Ba3b2,Bb2f6][%mdl 32] aiming for f4.} Rc3 24. Bb2 Rcc8 25. Ra6 Nc4 {[%mdl 8192] [#] Black cannot hold the game after this.} (25... Nfd7 $16 {is a better defense.}) 26. Nc6 $1 Rxc6 27. Bxf6 {This bishop pair is nice.} Qb7 28. Rxc6 Qxc6 {[#]} 29. e5 $1 Bf3 (29... d5 30. bxc4 gxf6 31. cxd5 Qc3) (29... Qc8 30. Qxc4) 30. Bxf3 ({Weaker is} 30. Qxc4 Bxg2 31. Qg4 g6 $18) 30... Qxf3 31. Qxc4 {[%cal Oe5d6]} gxf6 32. exd6 {Black must now prevent d7.} Rxb3 {[#]} 33. Qxb3 $3 {[%mdl 512]} Qxb3 {KQ-KR} 34. d7 Qd3 35. Re8+ Kg7 36. d8=Q {White mates.} Qb1+ 37. Kg2 Qb7+ 38. Kh3 {Weighted Error Value: White=0.07 (flawless) /Black=0.53} 1-0

[Event "Chile Championship Absolute 2022"]
[Site "Las Condes"]
[Date "2022.02.25"]
[Round "9.5"]
[White "Bahamondes Ortiz, Benjamin"]
[Black "Olivares Olivares, Claudio"]
[Result "0-1"]
[WhiteElo "2164"]
[BlackElo "2380"]
[Annotator "TA"]
[PlyCount "90"]
[EventDate "2022.02.18"]
[EventType "tourn"]
[EventCountry "CHI"]
[SourceTitle "playchess.com"]
[Source "ChessBase"]
[SourceQuality "1"]

{[%evp 13,90,32,43,35,37,37,58,47,50,24,40,27,34,27,17,20,31,28,56,76,122,0,64,64,61,64,56,22,41,-28,-28,-16,164,181,189,190,199,116,111,107,176,89,89,86,87,80,95,90,92,-121,-114,-116,-30,-50,0,0,0,-85,0,-18,-28,-78,-102,-99,-93,-48,-61,-72,-86,-66,-68,-255,-237,-675,-656,-988,-943,-2066,-1261]} 1. d4 Nf6 2. c4 g6 3. Nc3 Bg7 4. e4 d6 5. h3 O-O 6. Be3 e5 7. d5 Na6 8. Be2 {E71: King's Indian: 4 e4 d6 5 h3.} Nc5 9. Qc2 a5 10. g4 {White is slightly better.} c6 11. Nf3 cxd5 12. cxd5 Ne8 13. O-O-O Bd7 {[#]} 14. Kb1 $146 ({Predecessor:} 14. Bxc5 dxc5 15. Kb1 Nd6 16. Rdg1 b5 17. h4 a4 18. Nd1 c4 19. Nd2 a3 20. b3 cxb3 21. Nxb3 {0-1 (47) Reinaldo Dos Santos,J (1823)-Chang,S (2054) Caxambu 2020}) 14... Rc8 {[%cal Oc5a4]} 15. Bb5 {Inhibits Na4.} Bxb5 16. Nxb5 Nf6 (16... a4 $142) 17. Na7 (17. Nd2 $1 $16) 17... Ra8 (17... Rc7 $11) 18. Bxc5 $14 dxc5 19. Nb5 a4 $1 20. Rhe1 (20. Nxe5 Qe8 21. Nxg6 (21. g5 Nh5 $17) 21... Qxb5 22. Ne7+ (22. Nxf8 $2 Nxe4 23. Nxh7 Nc3+ 24. Kc1 Nxa2+ 25. Kd2 Re8 $19) 22... Kh8 $17) 20... Qa5 21. Na3 (21. Qxc5 $2 Rac8 22. Qe3 Qxb5 $19) (21. Qd3 $14) 21... Nd7 $11 22. Qc4 b5 $2 (22... Rfb8 $11) 23. Qxb5 $18 ({Don't take} 23. Nxb5 $6 Nb6 24. Qf1 (24. Qxc5 $2 Rfc8 $19) 24... Rab8 $14) 23... Qa7 24. Qd3 c4 25. Qxc4 (25. Qe3 $18) 25... Qxf2 $16 26. Qe2 Qa7 (26... Qxe2 $16 {was called for.} 27. Rxe2 Rac8) 27. Nd2 (27. Rc1 $18) 27... Bh6 28. Ndc4 Rab8 29. Rf1 Rb4 30. h4 Bf4 31. Rxf4 $2 exf4 $17 32. e5 Nb6 (32... Qc7 $17 {[%cal Of4f3] aiming for ...f3!} 33. Rf1 Rc8) 33. Nd6 $11 f3 (33... Rb8 $1 $15 34. Nab5 Qe7) 34. Qxf3 {Nc2 is the strong threat.} Qe7 {[%csl LRe5,LRh4]} 35. Qe2 (35. Qg3 $11 {keeps the balance.}) 35... Rd8 ({Reject} 35... Qxh4 $6 36. e6 fxe6 37. Qxe6+ Kh8 38. Nf7+ Kg7 39. Rf1 $11) ({Black should try} 35... f6 $1 $17 36. Nc2 Rf4) 36. Nc2 {Pair of Knights!} Rf4 $36 {[%mdl 2048] Threatens to win with ...Rxd6. Black has the initiative.} 37. Qe3 {[#]} (37. Rd4 $1 $11 Rxd4 38. Nxd4 Qxh4 39. e6 $1 Rxd6 40. e7) 37... Nxd5 $1 $17 38. Rxd5 Rf1+ 39. Ne1 Qxh4 40. Rd1 Qxg4 41. Rc1 h5 $1 {[%cal Bh7h5,Bh5h4][%mdl 1056] Strongly threatening ...h4. Black has compensation.} 42. a3 $2 {[#]} (42. Nd3 $1 $15 Rxc1+ 43. Kxc1) 42... h4 $1 $19 {And now ...h3 would win.} 43. Ne4 $2 (43. Nd3 Rxc1+ 44. Kxc1) 43... Qf5 {Black is clearly winning.} 44. Ka1 Qxe5 45. Qh3 {[#]} Rb8 $1 {[%mdl 512] What a bad dream for White.  Weighted Error Value: White=0.65/Black=0.23 (precise)} 0-1

[Event "Chile Championship Absolute 2022"]
[Site "Las Condes"]
[Date "2022.02.25"]
[Round "9.6"]
[White "Barriga Silva, Felipe"]
[Black "Donoso Diaz, Sebastian"]
[Result "0-1"]
[WhiteElo "2162"]
[BlackElo "2212"]
[Annotator "TA"]
[PlyCount "60"]
[EventDate "2022.02.18"]
[EventType "tourn"]
[EventCountry "CHI"]
[SourceTitle "playchess.com"]
[Source "ChessBase"]
[SourceQuality "1"]

{[%evp 21,60,0,0,3,8,0,20,8,40,0,41,25,29,31,32,6,13,1,10,17,18,-97,-93,-174,-156,-441,-424,-517,-389,-475,-462,-468,-290,-979,-933,-29993,-29994,-29994,-816,-1496,-1458]} 1. e4 c5 2. Nc3 Nc6 3. g3 g6 4. Bg2 Bg7 5. d3 d6 6. Be3 Rb8 7. Qd2 b5 {[%cal Bb7b5,Bb5b4][%mdl 32]} 8. f4 b4 9. Nd1 e6 {[%cal Be7e6,Be6e5][%mdl 32]} 10. Nf3 Nge7 11. O-O O-O 12. d4 {B25: Closed Sicilian: 3 g3, lines without early Be3.} cxd4 13. Nxd4 Ba6 {[#] Threatens to win with ...Bxd4.} 14. Re1 {[#] The position is equal.} e5 $146 ({Predecessor:} 14... Na5 15. Bf1 Bxf1 16. Kxf1 e5 17. fxe5 Nc4 18. Qe2 Nxe3+ 19. Qxe3 dxe5 20. Nb3 f5 {0-1 (41) Cordeiro,J (1698)-Galiana Fernandez,A (2205) Mamaia 2017}) 15. Nf3 f5 (15... exf4 $11 16. gxf4 Qa5) 16. Ng5 $14 {Ne6 is the strong threat.} Qd7 {To avoid Ne6} 17. exf5 gxf5 18. fxe5 Nxe5 19. Bd4 {[#] aiming for Bxe5.} N7c6 {[%cal Be7c6,Bc6e5,Be5g4][%mdl 32]} 20. Bxe5 Nxe5 21. Bd5+ (21. Ne3 $11) 21... Kh8 $17 22. Qg2 (22. Nf2 $17 {keeps fighting.}) 22... Bf6 ({Stronger than} 22... Qb5 23. Kh1 $15) 23. Ne6 {White does not recover from this.} (23. Nh3 $17) 23... Rfe8 $19 24. Nd4 Ng4 25. Rxe8+ Rxe8 26. Qd2 {To avoid Re1+} Qg7 27. c3 (27. Nxf5 Qg5 28. Qxg5 Re1+ 29. Kg2 Bxg5 30. Nxd6 Bf1+ 31. Kf3 Nxh2+ 32. Kf2) 27... Bg5 {This bishop pair is nice.} 28. Qc2 Re1+ 29. Kg2 Rxd1 30. Nxf5 Rxd5 {Weighted Error Value: White=1.39/Black=0.77} 0-1

[Event "Chile Championship Absolute 2022"]
[Site "Las Condes"]
[Date "2022.02.26"]
[Round "10.1"]
[White "Palma Neira, Eliseo Maximiliano"]
[Black "Donoso Diaz, Sebastian"]
[Result "0-1"]
[WhiteElo "2029"]
[BlackElo "2212"]
[Annotator "TA"]
[PlyCount "86"]
[EventDate "2022.02.18"]
[EventType "tourn"]
[EventCountry "CHI"]
[SourceTitle "playchess.com"]
[Source "ChessBase"]
[SourceQuality "1"]

{[%evp 13,86,39,50,39,27,22,29,37,27,23,27,17,31,20,15,18,9,11,15,14,10,19,22,0,0,0,0,-40,-36,-52,-52,-52,-52,-62,-60,-98,-29,-18,-18,-58,-17,-64,-25,-71,-69,-69,-62,-77,-55,-54,-22,-22,-47,-62,-62,-50,-66,-104,-89,-399,-372,-345,-368,-29990,-29991,-29991,-12835,-1923,-489,-326,-252,-29993,-29994,-29997,-29998]} 1. d4 d5 2. c4 dxc4 3. e4 e5 4. Nf3 exd4 5. Bxc4 Nc6 6. O-O Be6 7. Bb5 {7.Bxe6 is the fancy move.} Bc5 8. b4 $1 {D20: Queen's Gambit Accepted: 3 e3 and 3 e4.} Bb6 9. a4 {[%cal Ba2a4,Ba4a5][%mdl 32] Threatens to win with a5.} a6 10. Bxc6+ {White has an edge.} bxc6 11. a5 Ba7 12. Bb2 {[%cal Rb2d4]} Nf6 13. Bxd4 Nxe4 14. Bxa7 {[%cal Od1c2] Qc2! is the strong threat.} Qxd1 15. Rxd1 {[%cal Od1e1]} Rxa7 16. Ne5 Bd5 17. f3 Nd6 18. Nc3 f6 19. Nd3 {[#]} O-O $146 ({Predecessor:} 19... Nb5 20. Ne2 Kf7 21. Rac1 g5 22. h4 h6 23. Kf2 Raa8 24. Rh1 Kg6 25. h5+ Kf7 {½-½ (34) Tsenkov,L (2359)-Akrill,R (2044) ICCF email 2019}) 20. Nxd5 cxd5 21. Rac1 Nc4 $1 22. Re1 Kf7 {To avoid Re7+} 23. Re2 Rb8 24. Rce1 {[#]} c6 ({Black should try} 24... c5 $1 $17 {[%cal Rc5b4]} 25. bxc5 Nxa5) 25. Re6 $11 Rc8 26. f4 Nd2 (26... Na3 $15 27. R6e2 Rb8) 27. f5 (27. Nc5 $11) 27... g6 (27... Nb3 $5 {[%cal Rb3d4]} 28. R6e2 Rb8 $17) 28. fxg6+ (28. Rc1 $11) 28... hxg6 $17 29. R6e2 Ne4 30. Rc2 Rb7 31. Rec1 Rbc7 32. Nf4 $1 {[%cal Of4d5]} d4 33. Nd3 {Prevents c5.} Nc3 34. Nc5 Re7 {White must now prevent ...Ne2+.} 35. Kf2 {Prevents Ne2.} Rce8 {Black is more active.} 36. Nxa6 $2 {[%mdl 8192] [#] Now White is beyond hope.} (36. g3 $17) 36... d3 $1 $19 37. Rxc3 Re2+ 38. Kf3 $2 (38. Kf1 $19 d2 39. Rd1) 38... R8e3+ 39. Kg4 d2 (39... g5 $142 40. Rg1 Rf2 41. Rc4 d2 42. g3 Re1 43. Kh3 d1=Q 44. Rh4 Rxg1 45. Rh7+ Kg6 46. Rh8 g4+ 47. Kh4 Rxh2#) 40. Rxc6 dxc1=Q (40... Re1 $142 41. Rc7+ Re7) 41. Rxc1 {[#]} g5 $1 ({Weaker is} 41... Rxg2+ 42. Kf4 Ra3 43. Rc7+ Kg8 44. Ke4 $17) 42. g3 (42. Kh5 $19 Rxg2 43. Rc7+ Re7 44. Rxe7+ Kxe7 45. b5 Rxh2+ 46. Kg4) 42... Kg6 43. Rc6 Re4+ {Weighted Error Value: White=0.56/Black=0.33} 0-1

[Event "Chile Championship Absolute 2022"]
[Site "Las Condes"]
[Date "2022.02.26"]
[Round "10.2"]
[White "Olivares Olivares, Claudio"]
[Black "Barriga Silva, Felipe"]
[Result "1-0"]
[WhiteElo "2380"]
[BlackElo "2162"]
[Annotator "TA"]
[PlyCount "75"]
[EventDate "2022.02.18"]
[EventType "tourn"]
[EventCountry "CHI"]
[SourceTitle "playchess.com"]
[Source "ChessBase"]
[SourceQuality "1"]

{[%evp 21,75,54,57,26,43,24,39,36,64,12,0,14,80,75,74,35,52,32,117,133,129,63,261,254,255,238,218,156,202,203,236,226,462,475,420,322,447,426,477,495,493,496,527,502,520,503,3508,2808,4990,1391,2249,1840,29984,29985,29989,29990]} 1. e4 c5 2. Nf3 d6 3. d4 cxd4 4. Nxd4 Nf6 5. Nc3 g6 6. Be3 Bg7 7. f3 O-O 8. Qd2 Nc6 9. Bc4 Bd7 10. O-O-O Rb8 11. Bb3 Na5 12. h4 {[%cal Oh4h5] B77: Sicilian Dragon: Yugoslav Attack, 9 Bc4 sidelines.} b5 13. Kb1 {[%cal Oh4h5]} (13. h5 $5) 13... Nc4 14. Bxc4 {White is slightly better.} bxc4 15. Ka1 ({Better is} 15. h5 $14) 15... h5 $1 $11 16. g4 Qb6 {[#]} (16... hxg4 $11 {remains equal.} 17. h5 Nxh5) 17. Rb1 $1 $16 {[%cal Od4e6] Threatens to win with Ne6!} Qa5 18. gxh5 Qxh5 19. Bg5 {[#]} e6 $146 ({Black should try} 19... Rfe8 $14) ({Predecessor:} 19... Rfe8 20. Nce2 Qh8 21. c3 Nh5 22. Rbg1 Rb6 23. Rh2 Kf8 24. Be3 Reb8 25. Rb1 R6b7 {1-0 (48) Schneider,J (2213)-Stelmaszyk,N (1902) Aurich 2018}) 20. Nce2 Qh8 {[#]} ({Not} 20... e5 21. Ng3 Qh7 22. Nde2 $16) 21. c3 (21. h5 $1 $16 Nxh5 22. c3 (22. Be7 Rfc8 $14)) 21... d5 $2 {This move loses the game for Black.} (21... Nh5 $1 $14) 22. Bxf6 Bxf6 23. h5 {Black must now prevent hxg6.} g5 24. f4 g4 (24... Bxd4 $16 {is a better defense.} 25. Nxd4 g4 26. exd5 exd5) 25. e5 $18 Be7 26. Rbg1 Qh6 $2 (26... Qg7 27. Rxg4 Qxg4) 27. Rxg4+ Kh8 28. Nf3 {Strongly threatening Qc1. Pair of Knights!} Rg8 29. Ng5 Rbf8 30. Nd4 {[%cal Be2d4,Bd4e6,Be6f8,Bf8g6][%mdl 32]} f6 31. exf6 Bxf6 32. Qg2 {[%cal Og5f7] aiming for Nf7+!} Rg7 {Prevents Nf7+.} 33. Ndxe6 Bxg5 (33... Bxe6 $142 34. Nxe6 Rxg4 35. Qxg4 Re8) 34. Nxf8 Bxg4 35. Qxg4 (35. Ng6+ $142 Kh7 36. Qxg4 Bxf4 37. Qc8 Rxg6 38. hxg6+ Kg7 39. Rxh6 Kxh6 40. Qf8+ Kxg6 41. Qxf4) 35... Bf6 36. Ng6+ Kh7 37. Qf5 Bd8 38. Re1 {Weighted Error Value: White=0.18 (very precise) /Black=0.63} 1-0